000
00270nam a2200121Ia 4500
008
190216s9999||||xx |||||||||||||| ||und||
100
_a
Kumar N
245
0
_a
Deterministic Chaos
260
_b
University Press
_c
1999
300
_a
96p
650
_a
Physics
942
_c
BK
999
_c
33627
_d
33627